Bhaumik the Railways Act 1989 / (Record no. 138342)

MARC details
000 -LEADER
fixed length control field 00669nam a22002177a 4500
005 - DATE AND TIME OF LATEST TRANSACTION
control field 20170320144051.0
010 ## - LCCN (DPL NO)
LC control number ENG-117525
020 ## - INTERNATIONAL STANDARD BOOK NUMBER
International Standard Book Number 9788171773145
Terms of availability 1450.00
035 ## - SYSTEM CONTROL NUMBER
System control number EN-101057
037 ## - SOURCE OF ACQUISITION
Source of stock number/acquisition DBAD/PUB
082 ## - DEWEY DECIMAL CLASSIFICATION NUMBER
Classification number 343.54095
100 ## - MAIN ENTRY--PERSONAL NAME
Personal name Saharay, H.K.
245 ## - TITLE STATEMENT
Title Bhaumik the Railways Act 1989 /
Statement of responsibility, etc by H.K. Saharay
250 ## - EDITION STATEMENT
Edition statement 10th
260 ## - PUBLICATION, DISTRIBUTION, ETC. (IMPRINT)
Place of publication, distribution, etc New Delhi
Name of publisher, distributor, etc Eastern Law House Private Ltd.
Date of publication, distribution, etc 2017
270 ## - ADDRESS
Address 36, Netaji Subhash Marg Daryaganj
City New Delhi
Postal code 110002
300 ## - PHYSICAL DESCRIPTION
Extent 759p.:
Other physical details 24cm(hb)
500 ## - GENERAL NOTE
General note Includes Index
505 ## - FORMATTED CONTENTS NOTE
Formatted contents note Allied Statutes Rules, Regulations, Schemes
942 ## - ADDED ENTRY ELEMENTS (KOHA)
Source of classification or shelving scheme Dewey Decimal Classification
Item type English Books
Classification part 343.54095
Call number suffix SAH
Holdings
Withdrawn status Lost status Not for loan Collection code Home library Current library Date acquired Source of acquisition Cost, normal purchase price Full call number Barcode Copy number Cost, replacement price Koha item type
    Not For Loan Non-fiction D.B.Act.Division Bawana 20/03/2017 DBAD/PUB 1450.00 343.54095 SAH EN-101057 1 1450.00 English Books

© Delhi Public Library
Hit Counter
free hit counter